| Поле | Инд. | ПП | Название | Значение |
|---|---|---|---|---|
| Тип записи | a | |||
| Библиографический уровень | m | |||
| 001 | Контрольный номер | b6960d606e194b669efed37d943dc9f4 | ||
| 005 | Дата корректировки | 20260425144634.1 | ||
| 020 | a | ISBN | 978-5-9729-1940-6 | |
| 040 | b | Код языка каталог. | rus | |
| e | Правила каталог. | PSBO | ||
| 041 | 0_ | a | Код языка текста | rus |
| 090 | a | Полочн. индекс | 621.039 | |
| x | Авторский знак | З-59 | ||
| 100 | 1_ | a | Автор | Зизин М. Н. |
| 245 | 10 | a | Заглавие | Пространственная нейтронная кинетика |
| 260 | a | Место издания | Москва | |
| b | Издательство | Инфра-Инженерия | ||
| c | Дата издания | 2024 | ||
| 510 | 0_ | a | Примечание о ссылках | Книги и методические пособия |
| 900 | a | Имя электронного ресурса | Зизин - Пространственная нейтронная кинетика (001) | |
| 900 | a | Имя электронного ресурса | Зизин - Пространственная нейтронная кинетика | |
| 901 | t | Тип документа | m |